Países con 'O' y 'U' - Estadísticas

Estadísticas generales
  • Esta prueba ha sido intentada 40 veces
  • La puntuación promedio es 5 de 5
Estadísticas de respuestas
País % Correcto
Omán
97%
Uruguay
93%
Uzbekistán
93%
Uganda
90%
Ucrania
79%
No se encontraron pruebas coincidentes
Distribución de puntuación
Porcentaje de gente con cada puntuación
Porcentaje por número respondido
Historial de tus puntuaciones
No has intentado esta prueba.